Genes y ADN / (Registro nro. 11372)

Detalles MARC
000 -LIDER
fixed length control field 01081cam a22003493a 4500
001 - NÚMERO DE CONTROL
Identificador de número de control 0000671
003 - IDENTIFICACDOR DE NÚMERO DE CONTROL
control field DO-SdBNP
005 - DATE AND TIME OF LATEST TRANSACTION
control field 20170915104243.0
007 - CAMPOS FIJOS DE DESCRIPCIÓN FÍSICA
fixed length control field 0000671
008 - ELEMENTOS DE LONGITUD FIJA
fixed length control field 861112 2003 mx ac 000 0 spa d
010 ## - NUMERO DE CONTROL DE BIBLIOTECA DEL CONGRESO
LC control number
020 ## - ISBN
International Standard Book Number 9681913175
040 ## - FUENTE DE CATALOGACIÓN
Agencia que crea de manera original el registro BPMSU
Agencia que realiza la transcripción spa
Agencia que realiza la modificación BPMSU
--
082 #4 - NÚMERO DE CLASIFICACIÓN DECIMAL DE DEWEY
Classification number 576.5
Item number W177g
100 1# - ASIENTO PRINCIPAL -- NOMBRE PERSONAL
Nombre personal Walker, Richard
240 12 - TITULO UNIFORME
Título uniforme Genes & DNA /
245 10 - MENCIÓN DE TITULO
Título Genes y ADN /
Mención de responsabilidad Richard Walker ; prólogo Steve Jones ; traducción Enrique Beltrán G.
260 ## - PUBLICACIÓN, DISTRIBUCIÓN, ETC. (PIE DE IMPRENTA)
Lugar de publicación, distribución, etc México, D.F. :
Nombre del editor, distribuidor, etc. Santillana ,
Fecha de publicación, distribución, etc 2003.
300 ## - DESCRIPCIÓN FÍSICA
Extensión 63 p. :
Otros detalles físicos il. ;
Dimensiones 28 cm.
500 ## - NOTA GENERAL
Nota general Incluye índice
505 0# - NOTA DE CONTENIDO
Título Prólogo --
-- Genes y herencia --
-- ADN: la molécula de la vida --
-- Tecnología genética --
-- Glosario --
-- Índice --
-- Reconocimientos --
600 ## - ENCABEZAMIENTO DE MATERIA--NOMBRE PERSONAL
Nombre personal
Subdivisión temática general
650 #4 - ENCABEZAMIENTO DE MATERIA--TEMÁTICO
Término temático o nombre geográfico como elemento de entrada ADN
650 #4 - ENCABEZAMIENTO DE MATERIA--TEMÁTICO
Término temático o nombre geográfico como elemento de entrada GENES
650 #4 - ENCABEZAMIENTO DE MATERIA--TEMÁTICO
Término temático o nombre geográfico como elemento de entrada GENÉTICA MOLECULAR
700 12 - ASIENTO SECUNDARIO -- NOMBRE PERSONAL
Nombre personal Jones, Steve,
Mención de responsabilidad pról.
700 12 - ASIENTO SECUNDARIO -- NOMBRE PERSONAL
Nombre personal Beltrán G., Enrique,
Mención de responsabilidad trad.
910 ## - VALIDACIÓN
Validación Validado. Control de calidad MFF
942 ## - ADDED ENTRY ELEMENTS (KOHA)
Source of classification or shelving scheme Dewey Decimal Classification
Koha item type Libros
945 ## - INFORMACIÓN DE PROCESAMIENTO LOCAL
Información de procesamiento local Inventario / 2017 VM
956 ## - LOCAL ELECTRONIC LOCATION AND ACCESS (OCLC)
Método de acceso YLOCKWARD
Materiales especificados 10
Campo enlazado y núm. de secuencia BPMSU
Existencias
Withdrawn status Lost status Source of classification or shelving scheme Damaged status Not for loan Collection code Home library Current library Date acquired Source of acquisition Total Checkouts Full call number Barcode Date last seen Price effective from Koha item type Copy number
    Dewey Decimal Classification     Colección General Biblioteca Pública Metropolitana Salomé Ureña Biblioteca Pública Metropolitana Salomé Ureña 09/14/2016 Donado por Alfaguara   576.5 W177g BPMSU16090269 09/14/2016 09/14/2016 Libros  
    Dewey Decimal Classification     Colección General Biblioteca Pública Metropolitana Salomé Ureña Biblioteca Pública Metropolitana Salomé Ureña 09/16/2016 Donado por Alfaguara   576.5 W177g BPMSU16090358 09/16/2016 09/16/2016 Libros e. 2
    Dewey Decimal Classification     Colección General Biblioteca Pública Metropolitana Salomé Ureña Biblioteca Pública Metropolitana Salomé Ureña 09/16/2016 Donado por Alfaguara   576.5 W177g BPMSU16090359 09/16/2016 09/16/2016 Libros e. 3